Art and reality in the novels of joyce cary / (Record no. 164600)

MARC details
000 -LEADER
fixed length control field 00496nam a22001697a 4500
005 - DATE AND TIME OF LATEST TRANSACTION
control field 20190523121951.0
010 ## - LCCN (DPL NO)
LC control number A-423287
020 ## - INTERNATIONAL STANDARD BOOK NUMBER
International Standard Book Number 8171690769
035 ## - SYSTEM CONTROL NUMBER
System control number A-423287
037 ## - SOURCE OF ACQUISITION
Source of stock number/acquisition Commonwealth Publishers
082 ## - DEWEY DECIMAL CLASSIFICATION NUMBER
Classification number 883.08
100 ## - MAIN ENTRY--PERSONAL NAME
Personal name O,Brien, Colin Joseph
245 ## - TITLE STATEMENT
Title Art and reality in the novels of joyce cary /
Statement of responsibility, etc Colin Joseph O'brien
260 ## - PUBLICATION, DISTRIBUTION, ETC. (IMPRINT)
Place of publication, distribution, etc New Delhi
Name of publisher, distributor, etc Commonwealth Publishers
Date of publication, distribution, etc 1990
300 ## - PHYSICAL DESCRIPTION
Extent 163p.
Dimensions 22cm(hbk)
942 ## - ADDED ENTRY ELEMENTS (KOHA)
Source of classification or shelving scheme Dewey Decimal Classification
Item type English Books
Classification part 883.08
Call number suffix JOS
Holdings
Withdrawn status Lost status Not for loan Collection code Home library Current library Date acquired Full call number Barcode Koha item type
      Non-fiction Sarojini Nagar Sarojini Nagar 23/05/2019 883.08 JOS A-423287 English Books

© Delhi Public Library
Hit Counter
free hit counter